FC Bayern Rückennummerhistorie #17 - Statistiken

Allgemein
  • Dieses Quiz wurde 10 mal gespielt
  • Das Durchschnittsergebnis liegt bei 3 aus 8
Antwortstatistiken
Jahr Antwort % Korrekt
seit 2024/25 Michael Olise
80%
2011-2021 Jerome Boateng
70%
2022/23 Sadio Mane
50%
2006-2011 Mark van Bommel
40%
2023/24 Bryan Zaragoza
20%
2005/06 Thorsten Fink
20%
1995-97 Christian Ziege
10%
2021/22 Michael Cuisance
10%
Keine übereinstimmenden Quizze gefunden
Verteilung der Resultate
Anzahl Personen mit jedem Resultat
Perzentil nach korrekt beantworteten Fragen
Ihre Resultats-Entwicklung
Sie haben dieses Quiz noch nicht gespielt